[Event "FICGS W-ch st2 g01 email"]
[Site "FICGS email"]
[Date "2020.10.07"]
[Round "1"]
[White "Kireev, Sergey Ivanovich"]
[Black "Brotherton, Trevor S"]
[Result "1/2-1/2"]
[WhiteElo "2356"]
[BlackElo "2021"]
[PlyCount "69"]
[EventDate "2020.??.??"]
[EventType "tourn (corr)"]
[EventRounds "8"]
[SourceTitle "Corr 2022"]
[Source "ChessBase"]
[SourceDate "2021.10.24"]
[SourceVersion "1"]
[SourceVersionDate "2021.10.24"]
[SourceQuality "1"]

1. e4 Nf6 2. e5 Nd5 3. d4 d6 4. Nf3 g6 5. Bc4 Nb6 6. Bb3 Bg7 7. Qe2 0-0 8. h3 c5 9. dxc5 dxc5 10. 0-0 Nc6 11. Na3 Bf5 12. e6 Bxe6 13. Bxe6 fxe6 14. Qxe6+ Kh8 15. Ng5 Qe8 16. c3 Rf5 17. g4 Nd8 18. Qe4 Rf6 19. Qg2 Na4 20. f4 Ne6 21. Ne4 Rf8 22. Be3 b5 23. f5 gxf5 24. gxf5 Nc7 25. Rae1 Rg8 26. Bf4 Qd7 27. Kh2 Raf8 28. Bg3 Rxf5 29. Rxf5 Qxf5 30. Rf1 Qg6 31. Rf2 Rc8 32. b3 Nxc3 33. Nxc3 Bxc3 34. Bxc7 Qxg2+ 35. Kxg2 1/2-1/2

[Event "FICGS W-ch st1 g04 email"]
[Site "FICGS email"]
[Date "2020.03.01"]
[Round "1"]
[White "Brotherton, Trevor S"]
[Black "Joubert, Hennie"]
[Result "1-0"]
[WhiteElo "2025"]
[BlackElo "1440"]
[PlyCount "57"]
[EventDate "2020.??.??"]
[EventType "tourn (corr)"]
[EventRounds "8"]
[SourceTitle "Corr 2022"]
[Source "ChessBase"]
[SourceDate "2021.10.24"]
[SourceVersion "1"]
[SourceVersionDate "2021.10.24"]
[SourceQuality "1"]

1. g3 Nf6 2. Bg2 g6 3. d3 Bg7 4. Nf3 0-0 5. 0-0 d6 6. c3 Nbd7 7. Nbd2 e5 8. e4 Nb6 9. Qc2 Bg4 10. h3 Bxf3 11. Nxf3 Nfd7 12. Bg5 Qe8 13. Rad1 h6 14. Be3 f5 15. exf5 gxf5 16. Nh4 f4 17. Bc1 Qe7 18. Bxb7 Rab8 19. Ng6 Qe6 20. Nxf8 Rxf8 21. Kh2 Rf5 22. gxf4 exf4 23. Rde1 Qf7 24. d4 f3 25. Rg1 Rh5 26. Rg3 d5 27. Reg1 Rg5 28. Bxg5 hxg5 29. Rxg5 1-0

[Event "FICGS W-ch st1 g04 email"]
[Site "FICGS email"]
[Date "2020.03.01"]
[Round "1"]
[White "Hallqvist, Niklas"]
[Black "Brotherton, Trevor S"]
[Result "1/2-1/2"]
[WhiteElo "1892"]
[BlackElo "2025"]
[PlyCount "98"]
[EventDate "2020.??.??"]
[EventType "tourn (corr)"]
[EventRounds "8"]
[SourceTitle "Corr 2022"]
[Source "ChessBase"]
[SourceDate "2021.10.24"]
[SourceVersion "1"]
[SourceVersionDate "2021.10.24"]
[SourceQuality "1"]

1. c4 g6 2. g3 Bg7 3. Bg2 d6 4. Nf3 Nf6 5. Nc3 0-0 6. 0-0 a6 7. b3 Nc6 8. d4 Rb8 9. d5 Na5 10. Bg5 c5 11. dxc6 Nxc6 12. Rc1 h6 13. Be3 Ng4 14. Bd2 Nge5 15. Nxe5 dxe5 16. Nd5 Kh7 17. Qe1 Be6 18. e4 Bd7 19. Be3 Nd4 20. Bxd4 exd4 21. e5 e6 22. Nf4 Qc7 23. Nd3 Rfd8 24. f4 Bf8 25. Be4 Be7 26. g4 Rg8 27. Rc2 Rbd8 28. Qf2 Rb8 29. h3 a5 30. Kh2 Kh8 31. Qxd4 Rbd8 32. Qe3 Bc6 33. Re2 Bxe4 34. Qxe4 Rd7 35. f5 gxf5 36. gxf5 Qc6 37. Qxc6 bxc6 38. Nf4 exf5 39. Nh5 Rd3 40. Rxf5 Bc5 41. Rg2 Bd4 42. Nf6 Rg6 43. Ne4 Re6 44. Nf2 Re3 45. Ng4 Bxe5+ 46. Nxe5 R6xe5 47. Rxf7 Rh5 48. Rg6 a4 49. b4 Rexh3+ 1/2-1/2

[Event "FICGS class C 000316 email"]
[Site "FICGS email"]
[Date "2019.12.25"]
[Round "1"]
[White "Ward, David"]
[Black "Brotherton, Trevor S"]
[Result "0-1"]
[WhiteElo "2079"]
[BlackElo "2040"]
[PlyCount "92"]
[EventDate "2019.??.??"]
[EventType "tourn (corr)"]
[EventRounds "1"]
[SourceTitle "Corr 2022"]
[Source "ChessBase"]
[SourceDate "2021.10.24"]
[SourceVersion "1"]
[SourceVersionDate "2021.10.24"]
[SourceQuality "1"]

1. e4 d6 2. d4 g6 3. f4 Bg7 4. Nf3 c5 5. d5 Nf6 6. Nc3 0-0 7. Bd3 Na6 8. 0-0 Bg4 9. Bc4 Nc7 10. h3 Bxf3 11. Qxf3 a6 12. a4 b6 13. Qd3 e6 14. dxe6 fxe6 15. Be3 d5 16. exd5 exd5 17. Rad1 Qd6 18. Nxd5 Nfxd5 19. Qb3 Rad8 20. Bxd5+ Nxd5 21. c4 Bd4 22. Bxd4 Nxf4 23. Rf2 cxd4 24. c5+ Qd5 25. Qxd5+ Nxd5 26. c6 Nc7 27. Rfd2 Ne6 28. b4 b5 29. Ra2 Rd6 30. axb5 axb5 31. Ra6 Rc8 32. Rb6 Rcxc6 33. Rxb5 d3 34. Rb8+ Kg7 35. b5 Rc2 36. b6 d2 37. b7 Rc1 38. Rg8+ Kh6 39. b8Q Rxd1+ 40. Kh2 Rh1+ 41. Kxh1 d1Q+ 42. Kh2 Qd2 43. Qb3 Rd3 44. Qb1 Nf4 45. Qb7 Rxh3+ 46. Kg1 Qe1# 0-1